[Event "Copenhagen Chess Challenge 2016"]
[Site "Ballerup"]
[Date "2016.04.24"]
[Round "8"]
[White "Fredericia, Louise Winther"]
[Black "Stigar, Petter"]
[Result "1/2-1/2"]
[WhiteElo "2127"]
[BlackElo "2229"]
[PlyCount "50"]
[EventDate "2016.04.20"]
[EventType "swiss"]
[EventRounds "9"]
[EventCountry "DEN"]

1. e4 e6 2. Qe2 c5 3. Nf3 Nc6 4. g3 g6 5. Bg2 Bg7 6. O-O Nge7 7. c3 d5 8. d3 b6
9. Na3 O-O 10. Re1 h6 11. h4 Ba6 12. e5 Nf5 13. Nc2 Rc8 14. Bh3 Re8 15. Bf4 Kh7
16. Qd2 Bb7 17. Bg2 Qe7 18. Rac1 Rc7 19. Ne3 Nxe3 20. Qxe3 Qd8 21. Qd2 Ne7 22.
g4 Rc8 23. Kh2 Rg8 24. d4 cxd4 25. cxd4 Qd7 1/2-1/2

[Event "Copenhagen Chess Challenge 2016"]
[Site "Ballerup"]
[Date "2016.04.24"]
[Round "8"]
[White "Jorgensen, Dennis"]
[Black "Andersen, Soren Mikkel"]
[Result "1-0"]
[WhiteElo "2201"]
[BlackElo "2114"]
[PlyCount "53"]
[EventDate "2016.04.20"]
[EventType "swiss"]
[EventRounds "9"]
[EventCountry "DEN"]

1. d4 d5 2. c4 c6 3. Nf3 Nf6 4. e3 e6 5. Be2 Nbd7 6. b3 Bd6 7. Bb2 b6 8. Nbd2
Bb7 9. Ne5 Qe7 10. O-O O-O 11. Bd3 Rfd8 12. Qe2 c5 13. cxd5 exd5 14. f4 Ne4 15.
Nxe4 dxe4 16. Bc4 Rf8 17. Rad1 Rad8 18. Nxd7 Qxd7 19. dxc5 bxc5 20. f5 Qc7 21.
Qh5 Kh8 22. f6 g6 23. Qh6 Rg8 24. Kh1 Rde8 25. Rxd6 Qxd6 26. Qg7+ Rxg7 27.
fxg7+ 1-0

[Event "Copenhagen Chess Challenge 2016"]
[Site "Ballerup"]
[Date "2016.04.24"]
[Round "8"]
[White "Andersen, Lars Ren"]
[Black "Andersen, Kim Nyvang"]
[Result "1-0"]
[WhiteElo "2194"]
[BlackElo "1996"]
[PlyCount "69"]
[EventDate "2016.04.20"]
[EventType "swiss"]
[EventRounds "9"]
[EventCountry "DEN"]

1. c4 Nf6 2. g3 g6 3. Bg2 Bg7 4. Nc3 d6 5. e4 e5 6. Nge2 O-O 7. O-O Nc6 8. d3
Be6 9. h3 Qd7 10. Kh2 h6 11. Be3 Kh7 12. Qd2 Ng8 13. b3 f5 14. exf5 Bxf5 15. d4
Rae8 16. d5 Nd4 17. Nxd4 exd4 18. Bxd4 h5 19. Bxg7 Qxg7 20. Rae1 Nf6 21. Nb5 a6
22. Nd4 Qd7 23. Qg5 Bd3 24. Rg1 Ne4 25. Bxe4 Rxe4 26. f3 Rxe1 27. Rxe1 Re8 28.
Re3 Bf1 29. g4 hxg4 30. hxg4 c5 31. Ne6 b5 32. Kg1 bxc4 33. Kxf1 Qb5 34. a4 Qb4
35. f4 1-0

[Event "Copenhagen Chess Challenge 2016"]
[Site "Ballerup"]
[Date "2016.04.24"]
[Round "8"]
[White "De Seroux, Camille"]
[Black "Vasli, Aref"]
[Result "0-1"]
[WhiteElo "2125"]
[BlackElo "2164"]
[PlyCount "46"]
[EventDate "2016.04.20"]
[EventType "swiss"]
[EventRounds "9"]
[EventCountry "DEN"]

1. e4 e5 2. Nf3 d6 3. d4 Nd7 4. Nc3 c6 5. Bc4 Be7 6. dxe5 dxe5 7. Ng5 Nh6 8. h4
O-O 9. Qe2 b5 10. Bd3 Nc5 11. Bd2 b4 12. Nd1 Nxd3+ 13. cxd3 f6 14. Nh3 Ba6 15.
Bxh6 gxh6 16. Ne3 Qxd3 17. Qg4+ Kh8 18. Rd1 Qb5 19. b3 Qc5 20. Nf5 Rg8 21. Qh5
Rad8 22. Rxd8 Rxd8 23. f3 Qc2 0-1

[Event "Copenhagen Chess Challenge 2016"]
[Site "Ballerup"]
[Date "2016.04.24"]
[Round "8"]
[White "Hagen, Anders Gjerdrum"]
[Black "Holmstrom, Johan Ravnborg"]
[Result "1-0"]
[WhiteElo "2262"]
[BlackElo "1932"]
[PlyCount "21"]
[EventDate "2016.04.20"]
[EventType "swiss"]
[EventRounds "9"]
[EventCountry "DEN"]

1. d4 e6 2. c4 f5 3. g3 Nf6 4. Bg2 d5 5. Nf3 c6 6. O-O Bd6 7. Qc2 Nbd7 8. Nc3
b6 9. cxd5 cxd5 10. Nb5 Nb8 11. Nxd6+ 1-0

[Event "Copenhagen Chess Challenge 2016"]
[Site "Ballerup"]
[Date "2016.04.24"]
[Round "8"]
[White "Stuhr, Peter Sebastian"]
[Black "Kabadayi, Can"]
[Result "0-1"]
[WhiteElo "1957"]
[BlackElo "2174"]
[PlyCount "94"]
[EventDate "2016.04.20"]
[EventType "swiss"]
[EventRounds "9"]
[EventCountry "DEN"]

1. e4 c5 2. Nc3 Nc6 3. f4 g6 4. Nf3 Bg7 5. Bc4 e6 6. O-O Nge7 7. Qe1 O-O 8. Qh4
d5 9. f5 exf5 10. Nxd5 Nxd5 11. Qxd8 Rxd8 12. exd5 Nb4 13. c3 Nxd5 14. Re1 Nb6
15. Bf1 Be6 16. d3 h6 17. a4 a5 18. Be3 Rac8 19. d4 Bd7 20. Bb5 Bxb5 21. axb5
Nc4 22. dxc5 Nxb2 23. Bd4 Nd3 24. Reb1 Nxc5 25. Rxa5 Ne4 26. Ra7 Rd7 27. Bxg7
Kxg7 28. Ne5 Rd5 29. Nc6 bxc6 30. c4 Rdd8 31. b6 Ra8 32. Rc7 Ra2 33. b7 Rdd2
34. Rxf7+ Kxf7 35. b8=Q Rxg2+ 36. Kh1 Rxh2+ 37. Qxh2 Rxh2+ 38. Kxh2 Ke6 39. Rb8
f4 40. Rf8 Ke5 41. Kg2 g5 42. Rh8 g4 43. Rxh6 f3+ 44. Kf1 g3 45. Kg1 f2+ 46.
Kg2 Nd2 47. Rh1 f1=Q+ 0-1

[Event "Copenhagen Chess Challenge 2016"]
[Site "Ballerup"]
[Date "2016.04.24"]
[Round "8"]
[White "Moe, Mogens"]
[Black "Kakulidis, Ellen"]
[Result "1/2-1/2"]
[WhiteElo "2160"]
[BlackElo "1892"]
[PlyCount "65"]
[EventDate "2016.04.20"]
[EventType "swiss"]
[EventRounds "9"]
[EventCountry "DEN"]

1. e4 e6 2. d4 d5 3. Nd2 Nc6 4. Ngf3 Nf6 5. e5 Nd7 6. c3 f6 7. exf6 Qxf6 8. Bb5
Bd6 9. O-O O-O 10. Qa4 Ncb8 11. Qc2 e5 12. dxe5 Nxe5 13. Nxe5 Qxe5 14. f4 Qe3+
15. Kh1 Bf5 16. Qd1 Qc5 17. Be2 c6 18. Nb3 Qb6 19. Bd3 Nd7 20. Nd4 Bxd3 21.
Qxd3 Nc5 22. Qc2 Rae8 23. Nf5 Ne4 24. Be3 Bc5 25. Bxc5 Qxc5 26. Nd4 Rf6 27. g3
Qf8 28. Qg2 Nc5 29. Nf3 Qd6 30. Rad1 Qc7 31. Ne5 Nd7 32. Nf3 Rfe6 33. Rfe1
1/2-1/2

[Event "Copenhagen Chess Challenge 2016"]
[Site "Ballerup"]
[Date "2016.04.24"]
[Round "8"]
[White "Slettebo, Jan"]
[Black "Philipsen, William Horup"]
[Result "0-1"]
[WhiteElo "2030"]
[BlackElo "1970"]
[PlyCount "26"]
[EventDate "2016.04.20"]
[EventType "swiss"]
[EventRounds "9"]
[EventCountry "DEN"]

1. e4 e5 2. Nf3 Nc6 3. Nc3 Nf6 4. Bb5 Bc5 5. O-O O-O 6. d3 d6 7. Ne2 Bg4 8. c3
Bxf3 9. gxf3 Nh5 10. d4 Bb6 11. Kh1 Qh4 12. Bxc6 bxc6 13. Qd2 Qh3 0-1

[Event "Copenhagen Chess Challenge 2016"]
[Site "Ballerup"]
[Date "2016.04.24"]
[Round "8"]
[White "Laustsen, Lars"]
[Black "Christophersen, David"]
[Result "1/2-1/2"]
[WhiteElo "2128"]
[BlackElo "1764"]
[PlyCount "66"]
[EventDate "2016.04.20"]
[EventType "swiss"]
[EventRounds "9"]
[EventCountry "DEN"]

1. d4 Nf6 2. c4 g6 3. Nf3 Bg7 4. g3 O-O 5. Bg2 d6 6. O-O c6 7. Nc3 Nbd7 8. e4
e5 9. h3 Rb8 10. Be3 a6 11. Qd2 b5 12. cxb5 axb5 13. b4 Re8 14. Rfd1 Bb7 15.
Rac1 Nb6 16. dxe5 Nc4 17. Qe2 Nxe5 18. Nxe5 Rxe5 19. f4 Re6 20. e5 Qe7 21. Ba7
Ra8 22. exf6 Bxf6 23. Qf2 Bxc3 24. Rxc3 c5 25. Bxb7 Qxb7 26. bxc5 Rxa7 27. cxd6
Qd7 28. Qc5 Rxa2 29. Qc8+ Qxc8 30. Rxc8+ Kg7 31. d7 Ree2 32. d8=Q Rg2+ 33. Kf1
Rgf2+ 1/2-1/2

[Event "Copenhagen Chess Challenge 2016"]
[Site "Ballerup"]
[Date "2016.04.24"]
[Round "8"]
[White "Tandrup, Michael"]
[Black "Kistrup, Nicolai"]
[Result "1/2-1/2"]
[WhiteElo "1961"]
[BlackElo "2033"]
[PlyCount "23"]
[EventDate "2016.04.20"]
[EventType "swiss"]
[EventRounds "9"]
[EventCountry "DEN"]

1. d4 Nf6 2. c4 e6 3. Nc3 Bb4 4. Nf3 b6 5. Bg5 Bb7 6. e3 h6 7. Bh4 O-O 8. a3
Bxc3+ 9. bxc3 d6 10. Bd3 Re8 11. O-O Nbd7 12. Nd2 1/2-1/2

[Event "Copenhagen Chess Challenge 2016"]
[Site "Ballerup"]
[Date "2016.04.24"]
[Round "8"]
[White "Overmark, Ole"]
[Black "Sorensen, Per Settergren"]
[Result "1/2-1/2"]
[WhiteElo "1763"]
[BlackElo "1979"]
[PlyCount "212"]
[EventDate "2016.04.20"]
[EventType "swiss"]
[EventRounds "9"]
[EventCountry "DEN"]

1. Nf3 Nf6 2. g3 d5 3. d4 Bf5 4. Bg2 e6 5. c4 h6 6. O-O Be7 7. Nc3 O-O 8. cxd5
exd5 9. Qb3 Bc8 10. Bd2 c6 11. Rac1 Nbd7 12. Rfe1 Re8 13. e4 Nxe4 14. Nxe4 dxe4
15. Rxe4 Nf6 16. Ree1 Qb6 17. Qc2 Be6 18. Be3 Bd5 19. Ne5 Bxg2 20. Kxg2 Qd8 21.
b3 Bb4 22. Re2 Qd5+ 23. Kg1 Rad8 24. Qf5 Qe6 25. Qf3 Nd5 26. Rc4 Bf8 27. Rcc2
Qf6 28. Qg4 Qe6 29. Qf3 Qf6 30. Qg4 Bd6 31. Nc4 Bc7 32. Bc1 Rxe2 33. Rxe2 Nc3
34. Rc2 Nb5 35. Bb2 Nxd4 36. Bxd4 Rxd4 37. Qc8+ Qd8 38. Qxd8+ Rxd8 39. Re2 Kf8
40. Kf1 g6 41. h4 h5 42. Rd2 Rxd2 43. Nxd2 Ke7 44. Ke2 f5 45. Kd3 Bb6 46. Ke2
Ke6 47. Nc4 Bc7 48. Kd3 b5 49. Ne3 f4 50. gxf4 Bxf4 51. Ng2 Bd6 52. Ke4 c5 53.
Ne3 Be7 54. Ng2 Bf6 55. Nf4+ Kf7 56. Ng2 c4 57. bxc4 bxc4 58. a4 c3 59. Kd3 Ke6
60. f3 Kd6 61. Nf4 Kc5 62. Nxg6 Kb4 63. Kc2 Kxa4 64. Nf4 Bxh4 65. Nxh5 Kb4 66.
Nf4 Kc4 67. Ne2 Bf6 68. f4 a5 69. f5 a4 70. Nc1 Be5 71. Ne2 Bf6 72. Nc1 Bg5 73.
Na2 Bf6 74. Nc1 a3 75. Nb3 a2 76. Na1 Kb4 77. Kc1 Ka3 78. Kc2 Be5 79. Nb3 Kb4
80. Na1 Kc4 81. Nb3 Bg7 82. Na1 Kd4 83. Kb3 Ke4 84. Kxa2 Kxf5 85. Nc2 Ke4 86.
Kb3 Kd3 87. Na1 Bf8 88. Nc2 Bc5 89. Ne1+ Kd2 90. Nc2 Bf2 91. Na3 Kd3 92. Nc2
Bg3 93. Nb4+ Kd2 94. Nc2 Be5 95. Na3 Kd3 96. Nc2 Bf4 97. Ne1+ Kd2 98. Nc2 Bd6
99. Nd4 Kd3 100. Nc2 Be7 101. Ne1+ Kd2 102. Nc2 Bf6 103. Nb4 Kd1 104. Nc2 Kc1
105. Na3 Bg7 106. Nc2 Kd2 1/2-1/2

[Event "Copenhagen Chess Challenge 2016"]
[Site "Ballerup"]
[Date "2016.04.24"]
[Round "8"]
[White "Molvig, Julius"]
[Black "Christensen, Allan Toftegaard"]
[Result "1-0"]
[WhiteElo "1971"]
[BlackElo "1711"]
[PlyCount "75"]
[EventDate "2016.04.20"]
[EventType "swiss"]
[EventRounds "9"]
[EventCountry "DEN"]

1. d4 f5 2. Nf3 Nf6 3. g3 e6 4. Bg2 Be7 5. O-O O-O 6. b3 b6 7. Ne5 d5 8. Bb2
Nfd7 9. Nd3 Ba6 10. Nf4 Rf6 11. Nxd5 exd5 12. Bxd5+ Kh8 13. Bxa8 c6 14. d5 Rd6
15. c4 b5 16. Qc2 bxc4 17. bxc4 c5 18. Nd2 Nb6 19. Be5 Nxa8 20. Bxd6 Qxd6 21.
Qxf5 Bf6 22. Rab1 Nb6 23. Ne4 Qe5 24. Qxe5 Bxe5 25. Nxc5 Bxc4 26. Rfd1 Bxa2 27.
Rbc1 Bxd5 28. e4 Bg8 29. f4 Bf6 30. e5 Be7 31. Ne4 h6 32. Rc7 Bb4 33. Rxa7 Bd5
34. Rxd5 Nxd5 35. Ra8 Kh7 36. Rxb8 Kg6 37. Rb5 Nc3 38. Rxb4 1-0

[Event "Copenhagen Chess Challenge 2016"]
[Site "Ballerup"]
[Date "2016.04.24"]
[Round "8"]
[White "Marthedal, Anton Mehmet Yildiz"]
[Black "Hentley, Darryl"]
[Result "1-0"]
[WhiteElo "1941"]
[BlackElo "1666"]
[PlyCount "43"]
[EventDate "2016.04.20"]
[EventType "swiss"]
[EventRounds "9"]
[EventCountry "DEN"]

1. d4 g6 2. Nf3 Bg7 3. Bg5 d6 4. e4 f5 5. Bd3 fxe4 6. Bxe4 c6 7. O-O Bg4 8. c3
Nd7 9. Qc2 Bxf3 10. Bxf3 Ngf6 11. Nd2 Qa5 12. Bxf6 Nxf6 13. Rfe1 Qf5 14. Qb3
Qd7 15. a4 Rb8 16. Re2 Bh6 17. Nc4 b5 18. Rae1 Bf8 19. Re6 Qc7 20. Nxd6+ Kd8
21. Nf7+ Kc8 22. Rxc6 1-0

[Event "Copenhagen Chess Challenge 2016"]
[Site "Ballerup"]
[Date "2016.04.24"]
[Round "8"]
[White "Allam, Dariusz"]
[Black "Larsen, Preben R"]
[Result "0-1"]
[WhiteElo "1922"]
[BlackElo "1821"]
[PlyCount "88"]
[EventDate "2016.04.20"]
[EventType "swiss"]
[EventRounds "9"]
[EventCountry "DEN"]

1. d4 d5 2. Bf4 e6 3. Nf3 Nf6 4. e3 c5 5. c3 Nc6 6. Nbd2 Nh5 7. Bg5 Nf6 8. Ne5
cxd4 9. exd4 Be7 10. Bb5 Bd7 11. Nxd7 Nxd7 12. Bxe7 Qxe7 13. O-O O-O 14. f4 a6
15. Bd3 f5 16. Rf3 Nf6 17. Qe2 Ne4 18. Kh1 Qh4 19. Raf1 Qg4 20. Qe3 Rf6 21.
Nxe4 fxe4 22. Rg3 Qh5 23. Be2 Qf7 24. Rh3 Rf8 25. g3 Kh8 26. Kg2 g5 27. Bh5 Qg7
28. Kh1 gxf4 29. Rxf4 Qg5 30. Rxf6 Qxf6 31. Qe2 e5 32. dxe5 Nxe5 33. Rh4 Nd3
34. Kg1 Qg5 35. Rg4 Qc1+ 36. Kg2 Rf2+ 37. Qxf2 Nxf2 38. Kxf2 Qd2+ 39. Kf1 e3
40. Rf4 Qxh2 41. Bg6 e2+ 42. Ke1 Qxg3+ 43. Rf2 Qxg6 44. Rxe2 h5 0-1

[Event "Copenhagen Chess Challenge 2016"]
[Site "Ballerup"]
[Date "2016.04.24"]
[Round "8"]
[White "Andersen, Daniel"]
[Black "Skovgaard, Ib"]
[Result "0-1"]
[WhiteElo "1956"]
[BlackElo "2050"]
[PlyCount "88"]
[EventDate "2016.04.20"]
[EventType "swiss"]
[EventRounds "9"]
[EventCountry "DEN"]

1. c4 c6 2. e4 d5 3. exd5 cxd5 4. cxd5 a6 5. Nc3 Nf6 6. Qb3 g6 7. Be2 Nbd7 8.
Bf3 Nc5 9. Qc4 e5 10. d4 exd4 11. Qxd4 Bf5 12. Nge2 Nd3+ 13. Kf1 Bc5 14. Qh4
Bxf2 15. g3 Qb6 16. Bg5 Be1 17. Qd4 Qxd4 18. Nxd4 Bxc3 19. Bxf6 Bxb2 20. Rb1
O-O 21. g4 Bd7 22. Be2 Bxd4 23. Bxd4 Nf4 24. Bf3 Bb5+ 25. Kf2 Rac8 26. Ke3 g5
27. a4 Bd3 28. Rbc1 Rfe8+ 29. Kf2 Bc4 30. d6 Nd3+ 31. Kg2 h5 32. gxh5 Nxc1 33.
d7 Nd3 34. Bxb7 Rcd8 35. dxe8=Q+ Rxe8 36. h4 Nf4+ 37. Kf3 Be2+ 38. Kf2 Nd3+ 39.
Kg3 g4 40. Bxa6 Bf3 41. Bb5 Re4 42. Bb6 Nf4 43. a5 Nxh5+ 44. Kf2 Bxh1 0-1

[Event "Copenhagen Chess Challenge 2016"]
[Site "Ballerup"]
[Date "2016.04.24"]
[Round "8"]
[White "Kallenbach, Uffe"]
[Black "Sundin, Sven-Ingvar"]
[Result "1/2-1/2"]
[WhiteElo "1694"]
[BlackElo "1633"]
[PlyCount "75"]
[EventDate "2016.04.20"]
[EventType "swiss"]
[EventRounds "9"]
[EventCountry "DEN"]

1. d4 d5 2. Nf3 Nf6 3. c4 c6 4. e3 e6 5. Nc3 Nbd7 6. cxd5 cxd5 7. Bd3 Bd6 8.
O-O O-O 9. b3 e5 10. dxe5 Nxe5 11. Be2 Be6 12. Bb2 Qe7 13. Nb5 Nxf3+ 14. Bxf3
Bb4 15. a3 Ba5 16. Rc1 Ne4 17. b4 Bb6 18. Nd4 Rfc8 19. Qe2 a6 20. Bg4 Nd6 21.
Ba1 Nc4 22. Nc2 a5 23. Bc3 Nxa3 24. Nxa3 axb4 25. Bxb4 Qxb4 26. Bxe6 fxe6 27.
Nc2 Qe7 28. Qb5 Bc5 29. Rfd1 b6 30. Ne1 Ra2 31. Rc2 Rca8 32. Rxa2 Rxa2 33. Nd3
Qf8 34. g3 h6 35. Qd7 Qe7 36. Qc8+ Kh7 37. Nf4 e5 38. Qf5+ 1/2-1/2

[Event "Copenhagen Chess Challenge 2016"]
[Site "Ballerup"]
[Date "2016.04.24"]
[Round "9"]
[White "Demuth, Adrien"]
[Black "Getz, Nicolai"]
[Result "1/2-1/2"]
[WhiteElo "2550"]
[BlackElo "2408"]
[PlyCount "51"]
[EventDate "2016.04.20"]
[EventType "swiss"]
[EventRounds "9"]
[EventCountry "DEN"]

1. Nf3 Nf6 2. c4 e6 3. g3 d5 4. Bg2 Be7 5. O-O O-O 6. b3 c5 7. Bb2 d4 8. e3 Nc6
9. exd4 cxd4 10. Re1 Re8 11. d3 Bf8 12. a3 e5 13. b4 Qc7 14. Nbd2 a5 15. b5 Nb8
16. Qc2 Nbd7 17. Re2 Nc5 18. Rae1 e4 19. Nxe4 Nfxe4 20. Nxd4 Bg4 21. f3 Nxd3
22. Qxd3 Nc5 23. Qc2 Rxe2 24. Nxe2 Be6 25. Nf4 Rd8 26. Nxe6 1/2-1/2

[Event "Copenhagen Chess Challenge 2016"]
[Site "Ballerup"]
[Date "2016.04.24"]
[Round "9"]
[White "Haugli, Petter"]
[Black "Vesterli, Michael E"]
[Result "1/2-1/2"]
[WhiteElo "2259"]
[BlackElo "2138"]
[PlyCount "171"]
[EventDate "2016.04.20"]
[EventType "swiss"]
[EventRounds "9"]
[EventCountry "DEN"]

1. d4 Nf6 2. c4 g6 3. Nc3 Bg7 4. e4 d6 5. Be2 O-O 6. Bg5 Na6 7. Qd2 e5 8. d5
Qe8 9. Bd1 Bd7 10. Nge2 Nc5 11. Bc2 a5 12. f3 b5 13. cxb5 Bxb5 14. O-O Ba6 15.
Be3 Nfd7 16. b3 Qe7 17. a3 Rfb8 18. Rfb1 Nb6 19. Nc1 Bf6 20. Bd3 Nxd3 21. Nxd3
Bxd3 22. Qxd3 Bg5 23. Bf2 Nd7 24. Nb5 Rb7 25. a4 Nb8 26. Qc3 Qd8 27. Rd1 Ra6
28. Qd3 c5 29. dxc6 Rxc6 30. Qd5 Rd7 31. Na3 Rc3 32. Nc4 Qc7 33. Nxa5 Rc5 34.
Bxc5 dxc5 35. Qa8 Be3+ 36. Kf1 Bd4 37. Rac1 Qb6 38. Nc6 Rb7 39. Nxb8 Rxb8 40.
Qd5 Qxb3 41. Rxd4 exd4 42. Qxb3 Rxb3 43. Rxc5 Ra3 44. a5 d3 45. Rd5 Ra1+ 46.
Kf2 d2 47. Rxd2 Rxa5 48. g4 h5 49. h3 hxg4 50. hxg4 Ra3 51. Kg3 Kg7 52. Kf4 g5+
53. Kg3 Rb3 54. Kf2 Ra3 55. Ke2 Rb3 56. Rd3 Rb2+ 57. Ke3 Rb4 58. Rd5 Rb3+ 59.
Kf2 Kf6 60. Kg3 Ra3 61. Rd6+ Kg7 62. Kf2 Rb3 63. Ke2 Ra3 64. Rd3 Ra2+ 65. Ke3
Ra4 66. e5 Kg6 67. Rd4 Ra3+ 68. Ke4 Rb3 69. Rd6+ Kg7 70. Rd3 Rb1 71. Kf5 Re1
72. Rd7 Re3 73. f4 gxf4 74. g5 f3 75. g6 f2 76. Rxf7+ Kg8 77. Ke6 Rg3 78. Rxf2
Rxg6+ 79. Kd7 Ra6 80. e6 Ra7+ 81. Kd6 Ra6+ 82. Ke7 Ra7+ 83. Kf6 Kf8 84. Rb2
Rf7+ 85. Ke5 Rf1 86. Rb8+ 1/2-1/2

[Event "Copenhagen Chess Challenge 2016"]
[Site "Ballerup"]
[Date "2016.04.24"]
[Round "9"]
[White "Thuesen, Mogens Henrik"]
[Black "Fredericia, Louise Winther"]
[Result "1-0"]
[WhiteElo "2209"]
[BlackElo "2127"]
[PlyCount "135"]
[EventDate "2016.04.20"]
[EventType "swiss"]
[EventRounds "9"]
[EventCountry "DEN"]

1. e4 c5 2. Nf3 g6 3. c3 Bg7 4. d4 cxd4 5. cxd4 d5 6. exd5 Nf6 7. Bb5+ Nbd7 8.
Nc3 O-O 9. d6 exd6 10. O-O a6 11. Bd3 b5 12. Bg5 Bb7 13. a4 b4 14. Ne4 Qa5 15.
Ned2 Rfe8 16. Nc4 Bxf3 17. Nxa5 Bxd1 18. Rfxd1 Ne4 19. Be3 d5 20. Rdc1 Ndf6 21.
h3 Rec8 22. Rxc8+ Rxc8 23. Rc1 Rxc1+ 24. Bxc1 Nd7 25. Nc6 a5 26. Be3 Nb6 27. b3
f5 28. f3 Nc3 29. Nxa5 Nd1 30. Bd2 Bxd4+ 31. Kf1 Nb2 32. Bb5 Bc3 33. Ke2 d4 34.
Nc4 d3+ 35. Ke1 Bd4 36. Nxb6 Bxb6 37. Bxb4 Bd4 38. a5 f4 39. a6 Kf7 40. a7 Bxa7
41. Bc3 Bf2+ 42. Kxf2 Nd1+ 43. Ke1 Nxc3 44. Bc4+ Ke7 45. Kd2 Ne2 46. Bxd3 Nd4
47. Kc3 Nc6 48. Be4 Ne5 49. Kd4 Kd6 50. b4 Nd7 51. Bc2 Nb6 52. Bb3 Kc6 53. Ke4
Kb5 54. Kxf4 Kxb4 55. Be6 Kc5 56. Ke5 h6 57. f4 Na4 58. h4 Nb2 59. Bf7 Nd3+ 60.
Ke4 Ne1 61. g3 g5 62. fxg5 hxg5 63. h5 g4 64. h6 Nf3 65. Kf4 Kd6 66. h7 Ne5 67.
h8=Q Nxf7 68. Qf6+ 1-0

[Event "Copenhagen Chess Challenge 2016"]
[Site "Ballerup"]
[Date "2016.04.24"]
[Round "9"]
[White "Eriksson, Christian Altenburg"]
[Black "Rishovd, Svein"]
[Result "1/2-1/2"]
[WhiteElo "2195"]
[BlackElo "2103"]
[PlyCount "57"]
[EventDate "2016.04.20"]
[EventType "swiss"]
[EventRounds "9"]
[EventCountry "DEN"]

1. e4 c5 2. c3 Nf6 3. e5 Nd5 4. Nf3 Nc6 5. d4 cxd4 6. cxd4 d6 7. Bc4 dxe5 8.
dxe5 Nb6 9. Qxd8+ Nxd8 10. Bb3 Bg4 11. Nd4 Rc8 12. Nc3 Nc6 13. Nxc6 Rxc6 14. f3
Bd7 15. Be3 e6 16. O-O Bc5 17. Bxc5 Rxc5 18. f4 Bc6 19. Rad1 Ke7 20. Rd4 Rd8
21. Rfd1 Rxd4 22. Rxd4 h5 23. g3 g6 24. Kf2 a5 25. Ke3 Nd5+ 26. Nxd5+ Bxd5 27.
Bxd5 exd5 28. Rd2 Ke6 29. Kd3 1/2-1/2

[Event "Copenhagen Chess Challenge 2016"]
[Site "Ballerup"]
[Date "2016.04.24"]
[Round "9"]
[White "Boe Olsen, Filip"]
[Black "Moe, Mogens"]
[Result "1/2-1/2"]
[WhiteElo "2176"]
[BlackElo "2160"]
[PlyCount "31"]
[EventDate "2016.04.20"]
[EventType "swiss"]
[EventRounds "9"]
[EventCountry "DEN"]

1. d4 Nf6 2. c4 g6 3. Nc3 d5 4. Bf4 Bg7 5. e3 c5 6. dxc5 Qa5 7. Rc1 Ne4 8. cxd5
Nxc3 9. Qd2 Qxa2 10. bxc3 Qa5 11. e4 Nd7 12. Bh6 Bxh6 13. Qxh6 Nxc5 14. Qe3 Bd7
15. f3 Rc8 16. Ne2 1/2-1/2

[Event "Copenhagen Chess Challenge 2016"]
[Site "Ballerup"]
[Date "2016.04.24"]
[Round "9"]
[White "Karlsson, Ulf"]
[Black "Laustsen, Lars"]
[Result "1/2-1/2"]
[WhiteElo "2026"]
[BlackElo "2128"]
[PlyCount "75"]
[EventDate "2016.04.20"]
[EventType "swiss"]
[EventRounds "9"]
[EventCountry "DEN"]

1. e4 c5 2. Nc3 Nc6 3. g3 g6 4. Bg2 Bg7 5. d3 d6 6. f4 e6 7. Nf3 Nge7 8. O-O
O-O 9. Be3 Nd4 10. e5 Nef5 11. Bf2 Nxf3+ 12. Qxf3 Rb8 13. Ne4 b6 14. g4 Nh4 15.
Bxh4 Qxh4 16. Nxd6 Bd7 17. Qe2 Rbd8 18. Rab1 Bc8 19. h3 Ba6 20. Qe4 Qe7 21. g5
Bc8 22. Qe2 Rxd6 23. exd6 Qxd6 24. c3 Ba6 25. Rbd1 Rd8 26. Be4 Qe7 27. Qg2 Qd7
28. Rf3 Qa4 29. Ra1 Qd7 30. Re1 Qa4 31. a3 Qd7 32. h4 Qc7 33. Qf2 b5 34. Rh3 b4
35. axb4 cxb4 36. d4 Bc4 37. Qc2 Qxf4 38. Qf2 1/2-1/2

[Event "Copenhagen Chess Challenge 2016"]
[Site "Ballerup"]
[Date "2016.04.24"]
[Round "9"]
[White "Kakulidis, Ellen"]
[Black "De Seroux, Camille"]
[Result "1/2-1/2"]
[WhiteElo "1892"]
[BlackElo "2125"]
[PlyCount "111"]
[EventDate "2016.04.20"]
[EventType "swiss"]
[EventRounds "9"]
[EventCountry "DEN"]

1. d4 Nf6 2. c4 g6 3. Nf3 Bg7 4. Nc3 d6 5. Bg5 h6 6. Bh4 g5 7. Bg3 Nh5 8. e3 c5
9. d5 Qa5 10. Qc2 Nd7 11. Be2 Nb6 12. Nd2 Nxg3 13. hxg3 Bxc3 14. Qxc3 Qxc3 15.
bxc3 Na4 16. Rc1 Bd7 17. f4 O-O-O 18. Nf3 f6 19. e4 gxf4 20. gxf4 Rdg8 21. Kf2
Rg4 22. g3 Rhg8 23. Rhg1 R4g7 24. Nh4 Kc7 25. Bd1 Nb2 26. Be2 Bg4 27. Rc2 Bxe2
28. Rxb2 Bxc4 29. Nf5 Rh7 30. Kf3 h5 31. Rgb1 b6 32. a4 e6 33. Ne3 exd5 34.
Nxd5+ Bxd5 35. exd5 f5 36. Rh1 Rg4 37. Rbh2 Rhg7 38. Rh3 Kb7 39. Kf2 h4 40.
gxh4 Rxf4+ 41. Rf3 Rc4 42. h5 Rh7 43. Rxf5 Rh6 44. Rh3 Rxa4 45. Rg5 Rf4+ 46.
Kg3 Rff6 47. c4 a5 48. Kg4 Ka6 49. Rg8 b5 50. Ra3 bxc4 51. Ra8+ Kb6 52. R3xa5
c3 53. R8a6+ Kb7 54. Ra7+ Kb6 55. R7a6+ Kb7 56. Ra7+ 1/2-1/2

[Event "Copenhagen Chess Challenge 2016"]
[Site "Ballerup"]
[Date "2016.04.24"]
[Round "9"]
[White "Kistrup, Nicolai"]
[Black "Marthedal, Anton Mehmet Yildiz"]
[Result "1-0"]
[WhiteElo "2033"]
[BlackElo "1941"]
[PlyCount "45"]
[EventDate "2016.04.20"]
[EventType "swiss"]
[EventRounds "9"]
[EventCountry "DEN"]

1. d4 d5 2. Nf3 Nf6 3. c4 dxc4 4. Nc3 Bg4 5. Ne5 Bf5 6. Bf4 Nbd7 7. e3 e6 8.
Bxc4 Bd6 9. Qb3 Nb6 10. Bb5+ Nfd7 11. e4 Bg6 12. O-O O-O 13. Nxg6 hxg6 14. Bxd6
cxd6 15. a4 e5 16. dxe5 dxe5 17. Rfd1 Nc5 18. Qa3 Qc7 19. a5 Nbd7 20. Nd5 Qd8
21. Bxd7 Nxd7 22. Ne7+ Kh7 23. Qh3# 1-0

[Event "Copenhagen Chess Challenge 2016"]
[Site "Ballerup"]
[Date "2016.04.24"]
[Round "9"]
[White "Holmstrom, Johan Ravnborg"]
[Black "Slettebo, Jan"]
[Result "1/2-1/2"]
[WhiteElo "1932"]
[BlackElo "2030"]
[PlyCount "59"]
[EventDate "2016.04.20"]
[EventType "swiss"]
[EventRounds "9"]
[EventCountry "DEN"]

1. d4 d5 2. Nf3 Nc6 3. Bf4 Bg4 4. Nbd2 e6 5. h3 Bf5 6. c3 Bd6 7. Ne5 Nxe5 8.
dxe5 Bc5 9. g4 Bg6 10. Bg2 c6 11. Qb3 Qb6 12. O-O Ne7 13. Rac1 O-O 14. Qxb6
Bxb6 15. Nf3 Be4 16. Nd2 Bxg2 17. Kxg2 Ng6 18. Bg3 f5 19. exf6 Rxf6 20. e3 e5
21. Nf3 Re8 22. Rcd1 Bc7 23. Ng1 Rf7 24. Rd2 e4 25. Re2 Bxg3 26. Kxg3 Ne5 27.
f4 exf3 28. Nxf3 Nc4 29. Rfe1 Nd6 30. Nd2 1/2-1/2

[Event "Copenhagen Chess Challenge 2016"]
[Site "Ballerup"]
[Date "2016.04.24"]
[Round "9"]
[White "Andersen, Kim Nyvang"]
[Black "Overmark, Ole"]
[Result "1-0"]
[WhiteElo "1996"]
[BlackElo "1763"]
[PlyCount "65"]
[EventDate "2016.04.20"]
[EventType "swiss"]
[EventRounds "9"]
[EventCountry "DEN"]

1. d4 e6 2. c4 Nf6 3. Nc3 Bb4 4. e3 O-O 5. Nge2 d5 6. a3 Be7 7. cxd5 exd5 8.
Qc2 Bg4 9. Ng3 c6 10. Bd3 g6 11. f3 Bd7 12. Bd2 Na6 13. h4 c5 14. h5 cxd4 15.
exd4 Bd6 16. Nce2 Re8 17. Kf2 Rc8 18. Qb1 Nc5 19. dxc5 Bxc5+ 20. Kf1 Ne4 21.
Bxe4 dxe4 22. hxg6 fxg6 23. Nxe4 Rxe4 24. Qxe4 Bf5 25. Qc4+ Kf8 26. Bh6+ Ke8
27. Qg8+ Kd7 28. Rd1+ Bd6 29. Qxh7+ Kc6 30. Nd4+ Kb6 31. Nxf5 gxf5 32. Be3+ Ka6
33. Qxf5 1-0